American government / (Record no. 178664)

000 -LEADER
fixed length control field 00783 a2200205 4500
003 - CONTROL NUMBER IDENTIFIER
control field Nust
005 - DATE AND TIME OF LATEST TRANSACTION
control field 20221221085710.0
010 ## - LIBRARY OF CONGRESS CONTROL NUMBER
LC control number 86081355
020 ## - INTERNATIONAL STANDARD BOOK NUMBER
International Standard Book Number 0669104264 (pbk.)
040 ## - CATALOGING SOURCE
Transcribing agency Nust
082 00 - DEWEY DECIMAL CLASSIFICATION NUMBER
Classification number 320.9730519,WIL
100 1# - MAIN ENTRY--PERSONAL NAME
Personal name Wilson, James Q.
9 (RLIN) 64449
245 10 - TITLE STATEMENT
Title American government /
Statement of responsibility, etc. James Q. Wilson.
250 ## - EDITION STATEMENT
Edition statement 5th ed.
260 ## - PUBLICATION, DISTRIBUTION, ETC.
Place of publication, distribution, etc. Islamabad. :
Name of publisher, distributor, etc. National BooK Foundations
Date of publication, distribution, etc. c1987.
300 ## - PHYSICAL DESCRIPTION
Extent 665, p. :
Other physical details ill. ;
Dimensions 24 cm.
505 ## - FORMATTED CONTENTS NOTE
Formatted contents note The Study of American Government (Page-2), Opinions interests and Organization (Page-92), Institution of Government (Page-264), The Politics of Public Policy (Page-224), The Nature of American Democracy (Page-608).
651 #0 - SUBJECT ADDED ENTRY--GEOGRAPHIC NAME
Geographic name United States
General subdivision Politics and government.
9 (RLIN) 8166
942 ## - ADDED ENTRY ELEMENTS (KOHA)
Source of classification or shelving scheme
Koha item type Book
Call number prefix 320.9730519,WIL
Holdings
Withdrawn status Lost status Source of classification or shelving scheme Damaged status Not for loan Permanent Location Current Location Shelving location Date acquired Full call number Barcode Date last seen Price effective from Koha item type Public note
          Military College of Signals (MCS) Military College of Signals (MCS) General Stacks 12/12/2016 320.9730519,WIL MCS33785 12/08/2016 12/12/2016 Book Almirah No.49, Shelf No.5
          Military College of Signals (MCS) Military College of Signals (MCS) General Stacks 12/12/2016 320.9730519,WIL MCS33786 12/08/2016 12/12/2016 Book Almirah No.73, Shelf No.4
© 2023 Central Library, National University of Sciences and Technology. All Rights Reserved.